000 00682nam a22002297a 4500
003 UA-OsUOA
001 94704
007 ta
008 20130218b un ||||| |||| 00| 0 ukr d
100 _aДостоевский Ф. М.
090 _a821.161.1
_bД70
942 _cBK
040 _aUA-OsUOA
_brus
_cUA-OsUOA
_dUA-OsUOA
245 _aУниженные и оскорбленные
_bроман в четырех частях с эпилогом
300 _a360 с.
955 _a3
041 _arus
080 _a821.161.1
260 _aМ.
_bГослитиздат
_c1956
650 7 _a82 Література. Літературознавство
_2UDC
999 _c380947
_d380947